书目信息 |
| 题名: |
新型蔬菜及瓜类饮料加工技术
|
|
| 作者: | 杜连起 主编 | |
| 分册: | ||
| 出版信息: | 北京 化学工业出版社 2009 |
|
| 页数: | 231页 | |
| 开本: | 21cm | |
| 丛书名: | ||
| 单 册: | ||
| 中图分类: | TS275.5 | |
| 科图分类: | ||
| 主题词: | 蔬菜加工--饮料--制作 , 瓜类蔬菜--饮料--制作 , 蔬菜加工 , 饮料 , 瓜类蔬菜 | |
| 电子资源: | ||
| ISBN: | 978-7-5025-8183-1 | |
| 000 | 00894nam0 2200277 45 | |
| 001 | 1033036687 | |
| 005 | 20100407095934.50 | |
| 010 | @a978-7-5025-8183-1@dCNY19.00 | |
| 100 | @a20100331e2009 em y0chiy50 ea | |
| 101 | 0 | @achi |
| 102 | @aCN@b110000 | |
| 105 | @ay z 000yy | |
| 106 | @ar | |
| 200 | 1 | @a新型蔬菜及瓜类饮料加工技术@AXin Xing Shu Cai Ji Gua Lei Yin Liao Jia Gong Ji Shu@f杜连起主编@FDu Lian Qi Zhu Bian |
| 210 | @a北京@c化学工业出版社@d2009 | |
| 215 | @a231页@d21cm | |
| 330 | @a本书包括新型蔬菜饮料加工技术、瓜类饮料加工技术两大部分,其中有新型蔬菜简介、瓜类简介、南瓜饮料加工技术等内容。 | |
| 606 | 0 | @a蔬菜加工@x饮料@x制作 |
| 606 | 0 | @a瓜类蔬菜@x饮料@x制作 |
| 606 | 0 | @a蔬菜加工 |
| 606 | 0 | @a饮料 |
| 606 | 0 | @a瓜类蔬菜 |
| 690 | @aTS275.5@v4 | |
| 701 | 0 | @a杜连起@ADu Lian Qi@4主编 |
| 801 | 0 | @aCN@bTANGWEI@c20100407 |
| 905 | @b0587766-68@dTS275.5@e123@f3 | |
| 新型蔬菜及瓜类饮料加工技术/杜连起主编.-北京:化学工业出版社,2009 |
| 231页;21cm |
| ISBN 978-7-5025-8183-1:CNY19.00 |
| 本书包括新型蔬菜饮料加工技术、瓜类饮料加工技术两大部分,其中有新型蔬菜简介、瓜类简介、南瓜饮料加工技术等内容。 |
| ● |
| 相关链接 |
|
|
|
|
正题名:新型蔬菜及瓜类饮料加工技术
索取号:TS275.5/123
 
预约/预借
| 序号 | 登录号 | 条形码 | 馆藏地/架位号 | 状态 | 备注 |
| 1 | 0587766 | 205877666 | 第二样本阅览室/ [索取号:TS275.5/123] | 在馆 | |
| 2 | 0587767 | 205877675 | 第三借阅区/ [索取号:TS275.5/123] | 在馆 | |
| 3 | 0587768 | 205877684 | 第三借阅区/ [索取号:TS275.5/123] | 在馆 |